Statistics for Narnia Magician's Nephew Quiz

Click here to take the quiz!

General Stats

  • This quiz has been taken 34 times
  • The average score is 12 of 15

Answer Stats

QuestionAnswer% Correct
Who wrote the Magicians Nephew?C. S. Lewis
100%
What book series is The Magicians Nephew apart of?The Chronicles of Narnia
100%
What object falls into Narnia during its creation?A Lamp-post
93%
What was the name of the talking lion?Aslan
93%
What fruit does Digory have to retrieve?An Apple
89%
What magical object does Digory build?A Wardrobe
89%
What is the name of the magician's nephew?Digory
89%
What is the flying horse's nameFledge
85%
What is the Horse's name before its transformation?Strawberry
85%
What does Digory do to awaken the witch?Rings a Bell
81%
Who was claimed to be a fairy.Uncle Andrew's godmother
78%
How is the yellow ring formed?From dust in an Atlantean Box
70%
What animal do they see in The Wood between the WorldsA Guinea Pig
63%
What animal was called the first joke?A Jackdaw
63%
What colored ring takes the children to the Woods Between the Worlds?Yellow
59%

Score Distribution

Percentile by Number Answered

Percent of People with Each Score

Your Score History

You have not taken this quiz